[Event "Winnipeg Tuesday Night op 9th"]
[Site "Winnipeg"]
[Date "2000.09.12"]
[Round "1"]
[White "Kostiuk, Sheldon"]
[Black "Schulz, Waldemar"]
[Result "0-1"]
[WhiteElo "1656"]
[BlackElo "2016"]
[PlyCount "56"]
[EventDate "2000.09.??"]
[EventType "swiss"]
[EventRounds "6"]
[EventCountry "CAN"]
[SourceTitle "EXT 2005"]
[Source "ChessBase"]
[SourceDate "2004.11.15"]
[SourceVersion "1"]
[SourceVersionDate "2004.11.15"]
[SourceQuality "1"]

1. e4 c5 2. Nf3 e6 3. d4 cxd4 4. Nxd4 Nf6 5. Nc3 d6 6. Be2 Be7 7. 0-0 a6 8. Be3 0-0 9. f4 Qc7 10. Qe1 b5 11. Bf3 Bb7 12. Bf2 Nbd7 13. Qe2 Nc5 14. Rfe1 b4 15. e5 bxc3 16. b4 Bxf3 17. Qxf3 dxe5 18. fxe5 Nd5 19. bxc5 Bxc5 20. Re4 Rfe8 21. Rf1 Rab8 22. Qh5 g6 23. Qh3 Rb4 24. Rh4 Qxe5 25. a3 Rxd4 26. Rxh7 Nf4 27. Qh6 Ne2+ 28. Kh1 Rf4 0-1